000 00698nab a2200253 a 4500
001 56230
003 127227
005 20201118103205.0
008 ||||||n9999 ||| || ||
041 _aspa
100 _aSuarez Melo, Lilian
245 0 _aMemoria al Congreso 1982-1983
260 _aBogotá :
_bMinisterio de Educación Nacional de Colombia,
_c1987.
300 _a136p.
562 _e1
650 _aEDUCACIÓN
650 _aEDUCACION NO FORMAL
650 _aEDUCACIÓN PRIMARIA
650 _aEDUCACIÓN SECUNDARIA
650 _aINFORME DE ACTIVIDADES
650 _aPOLÍTICA EDUCATIVA
773 _037530
_aMemorias del Ministro de Educacion Nacional
942 _cDO-GO
999 _c56230
_d56230